[Event "Izmir op 18th"]
[Site "Izmir"]
[Date "2019.09.02"]
[Round "1"]
[White "Seker, Cinar"]
[Black "Guseynov, Alihan"]
[Result "0-1"]
[WhiteElo "1328"]
[BlackElo "2326"]
[PlyCount "74"]
[EventDate "2019.09.02"]
[EventType "swiss"]
[EventRounds "9"]
[EventCountry "TUR"]
[SourceTitle "EXT 2020"]
[Source "ChessBase"]
[SourceDate "2019.10.17"]
[SourceVersion "1"]
[SourceVersionDate "2019.10.17"]
[SourceQuality "1"]

1. e4 g6 2. d4 Bg7 3. Nf3 d6 4. Nc3 a6 5. Bc4 b5 6. Bb3 e6 7. d5 e5 8. a4 b4 9. Ne2 Nd7 10. c3 Rb8 11. Be3 Ngf6 12. Bc2 Ng4 13. Bg5 f6 14. Bd2 bxc3 15. Bxc3 0-0 16. h3 Nh6 17. g4 Nf7 18. h4 Nc5 19. Rg1 a5 20. h5 Bh6 21. hxg6 hxg6 22. b3 c6 23. Rb1 Kg7 24. Bd2 Bxd2+ 25. Qxd2 Rb4 26. Nc3 Bd7 27. g5 fxg5 28. Nxg5 Nxg5 29. Rxg5 Rf4 30. Rg3 Qh4 31. dxc6 Rd4 32. Qe3 Bxc6 33. Ne2 Bxe4 34. Nxd4 Bxc2 35. Nxc2 Qh1+ 36. Ke2 Qxb1 37. Ne1 Re4 0-1